Rainer María Rilke
Uloženo v:
| Hlavní autor: | |
|---|---|
| Médium: | Kniha |
| Jazyk: | francouzština |
| Vydáno: |
París
Pierre Seghers
1970
|
| Vydání: | 5a. ed |
| Edice: | Poètes d'Aujourd'Hui, 14
|
| Témata: | |
| Tagy: |
Přidat tag
Žádné tagy, Buďte první, kdo vytvoří štítek k tomuto záznamu!
|
MARC
| LEADER | 00000nam a2200000 a 4500 | ||
|---|---|---|---|
| 001 | UCO5594 | ||
| 003 | CL-VaPUC | ||
| 008 | 000908e19700000FR |||||||||||||||||fre|d | ||
| 082 | 0 | 4 | |a 891.8601 |b DES |2 21 |
| 100 | 0 | |a Desgraupes, Pierre |e author |9 450287 | |
| 245 | 1 | 0 | |a Rainer María Rilke |
| 250 | |a 5a. ed | ||
| 300 | |a 185 p | ||
| 942 | |c BK | ||
| 945 | |d 20000908 00:00:00 |a crobeson | ||
| 260 | |a París |b Pierre Seghers |c 1970 | ||
| 600 | 0 | |a Rilke, Rainer Maria |9 265571 | |
| 650 | 7 | |a POESIA CHECOESLOVACA |2 CL-VaPUC |9 351117 | |
| 650 | 0 | |a Crítica e interpretación |9 255042 | |
| 583 | |a last modification |c 20000908 00:00:00 |k Rodrigo Vera | ||
| 490 | 0 | |a Poètes d'Aujourd'Hui, 14 | |
| 999 | |c 291445 |d 291443 | ||
| 952 | |0 0 |1 0 |4 0 |6 891_860100000000000_DES_1970 |7 0 |8 P |9 341286 |a BIBART |b BIBART |d 2019-11-20 |i 3068986 |o 891.8601 DES 1970 |p 3068986 |r 2025-03-13 |w 2019-11-20 |y BK |k ART | ||